Chuyên đề sinh lý học Tài liệu giảng dạy cho đối tượng sau đại học

Tallennettuna:
Bibliografiset tiedot
Päätekijä: Bộ môn Sinh lý học
Aineistotyyppi: Kirja
Kieli:Undetermined
Julkaistu: Hà Nội Y Học 1998
Aiheet:
Tagit: Lisää tagi
Ei tageja, Lisää ensimmäinen tagi!
Thư viện lưu trữ: Trung tâm Học liệu Trường Đại học Cần Thơ
LEADER 00566nam a2200181Ia 4500
001 CTU_48248
008 210402s9999 xx 000 0 und d
082 |a 612.007 
082 |b Đ551/T1 
100 |a Bộ môn Sinh lý học 
245 0 |a Chuyên đề sinh lý học 
245 0 |b Tài liệu giảng dạy cho đối tượng sau đại học 
245 0 |c Bộ môn Sinh lý học 
260 |a Hà Nội 
260 |b Y Học 
260 |c 1998 
650 |a human physiology 
980 |a Trung tâm Học liệu Trường Đại học Cần Thơ